Property misdescription (Record no. 61935)

MARC details
000 -LEADER
fixed length control field 01398cam a2200217 4500
001 - CONTROL NUMBER
control field WB3548-15
008 - FIXED-LENGTH DATA ELEMENTS--GENERAL INFORMATION
fixed length control field 000000n1999 000 0 eng u
035 ## - SYSTEM CONTROL NUMBER
System control number (Sirsi) u103064
245 ## - TITLE STATEMENT
Title Property misdescription
260 ## - PUBLICATION, DISTRIBUTION, ETC.
Date of publication, distribution, etc. 1999
490 ## - SERIES STATEMENT
Series statement Estates Gazette Case Summaries
Volume/sequential designation [1999] EGCS 139, 4 December 1999 (1)
520 ## - SUMMARY, ETC.
Summary, etc. "Lewin (Trading Standards Officer) v Barratt Homes Ltd." QBD 19 November 1999. In 1997, 2 prospective purchasers visited a show home and were shown a large picture of a house. They agreed to purchase a house, paid 10% of the purchase price and exchanged contracts. In November 1997, when they visited the completed homes, they were different from the pictures and the show house. They completed the transactions because they feared losing their deposits, but subsequently reported the situation to a trading standards officer. In January 1999, charges were brought against Barratt for offences against Property Misdescriptions Act 1991 s1(1). It was found that false statements had been made, but could not be charged under the 1991 Act. On appeal, appeal allowed.
590 ## - LOCAL NOTE (RLIN)
Local note WB
650 ## - SUBJECT ADDED ENTRY--TOPICAL TERM
Topical term or geographic name entry element DEVELOPMENT
650 ## - SUBJECT ADDED ENTRY--TOPICAL TERM
Topical term or geographic name entry element PROPERTY MISDESCRIPTIONS ACT 1991 S1(1)
650 ## - SUBJECT ADDED ENTRY--TOPICAL TERM
Topical term or geographic name entry element LEWIN (TRADING STANDARDS) OFFICER V BARATT HOMES LTD
650 ## - SUBJECT ADDED ENTRY--TOPICAL TERM
Topical term or geographic name entry element SHOW HOUSES
650 ## - SUBJECT ADDED ENTRY--TOPICAL TERM
Topical term or geographic name entry element MISLEADING STATEMENTS
690 ## - LOCAL SUBJECT ADDED ENTRY--TOPICAL TERM (OCLC, RLIN)
Topical term or geographic name as entry element PROPERTY LAW AND PRACTICE-CASE LAW
942 ## - ADDED ENTRY ELEMENTS (KOHA)
Suppress in OPAC 0
Holdings
Withdrawn status Lost status Source of classification or shelving scheme Damaged status Not for loan Home library Current library Shelving location Date acquired Total Checkouts Full call number Barcode Date last seen Copy number Price effective from Koha item type
    Dewey Decimal Classification     London London News article 08/12/1999   WB3548-15 103064-1001 06/08/2019 1 06/08/2019 Law report